000
00268nam a2200097Ia 4500
082
_a
AF KEMP
245
0
_a
Facials op 'n vliegtuig
100
_a
KEMP, Regina Kaapstad, 2003 1ste uitg
_9
98504
942
_c
BK
008
210817s9999 xx 000 0 und d
999
_c
418354
_d
418353